El centinela del jardín /

Guardado en:
Autor Principal: Vaccarini, Franco
Otros Autores: Mezquita, Fabián, il.
Formato: Libro
Publicado: Buenos Aires : Edelvives, 2010
Materias:
Etiquetas: Agregar Etiqueta
Sin Etiquetas, Sea el primero en etiquetar este registro!
LEADER 00774nam a22002415a 4500
001 CEM.cems013460
008 130507s2010##################000#0#####d
005 20220913110522.0
245 1 0 |a El centinela del jardín /  |c Franco Vaccarini ; ilustraciones de Fabián Mezquita 
260 |a Buenos Aires :  |b Edelvives,  |c 2010 
300 |a 136 p. 
500 |a A partir de 10 años 
020 |a 9789876420402 
100 1 |a Vaccarini, Franco 
700 1 |a Mezquita, Fabián, il. 
082 0 4 |a A863.4 
653 |a Literatura 
653 |a Literatura argentina 
653 |a Novelas 
653 |a Novela argentina 
653 |a Novela juvenil 
859 |a CEMS  |b BIB. CEMS - Inicial y Primaria  |h A863.4  |i V132  |p 5692  |t Ej.1 
859 |a CEMS  |b BIB. CEMS - 11 de abril  |h A863.4  |i V132  |p 26076.10  |t Ej.1